01826nam a22002297a 450000500170000000800410001702000180005804000070007604100080008308200180009110000250010924500170013426000370015130000230018836500620021152010620027365000280133565000260136394200120138999900190140195201760142020251107091010.0251107b |||||||| |||| 00| 0 eng d a9781398539419 cAL aeng a823.914bSILF aElsie Silver9244488 aFront runner aLondonbSimon and Schusterc2024 a324p.bPBc20x13cm 2Englisha4241b₹399.20c₹d₹499.00e20%f25-10-2025 aStefan Dalca is infuriatingly handsome. And annoyingly persistent. We’re supposed to hate each other. But apparently he didn’t get the memo, because he’s been asking me out for years. And I always say no. Until today. Today he has something that I desperately need. Today he’s a savior, and I’m his prize. Our time together starts out as a simple transaction. Three dates. No touching. No telling anyone. And definitely no falling in love. But with every intimate conversation, and each stolen glance, the tension between us builds. The way he looks at me gives me butterflies. And when he finally touches me? We sizzle. Stefan makes me feel seen in a way no other person has before. He cherishes my words as passionately as my body. He makes me laugh. He makes me blush. He calls me kitten. He’s not the villain he’s been made out to be. And suddenly I find myself longing for him in a way the people closest to me wouldn’t approve of or understand. Giving in to Stefan Dalca is playing with fire. But with him I don’t even mind the heat. aEnglish Fiction9244489 aEnglish Novel9244490 2ddccBK c240681d240681 00102ddc40708ENGaALbALcSKd2025-10-25eBiblios Book Point, Surathkal, Mangalore-575014g399.20l0o823.914 SILFp077989r2025-11-07 09:12:41v499.00w2025-10-25yBK